[Event "ESP-ch Amateurs U1700"]
[Site "Murcia"]
[Date "2022.08.30"]
[Round "2.6"]
[White "Blazquez Sanz, Oscar"]
[Black "Batalla Bellido, Vicente"]
[Result "1-0"]
[WhiteElo "1650"]
[BlackElo "1503"]
[PlyCount "51"]
[EventDate "2022.08.30"]
[EventType "swiss"]
[EventRounds "9"]
[EventCountry "ESP"]
[SourceTitle "EXT 2024"]
[Source "ChessBase"]
[SourceDate "2023.10.10"]
[SourceVersion "1"]
[SourceVersionDate "2023.10.10"]
[SourceQuality "1"]

1. e4 c5 2. Nf3 d6 3. d4 cxd4 4. Nxd4 Nf6 5. Nc3 g6 6. Be3 a6 7. Qd2 Bg7 8. f3 0-0 9. Bh6 Nc6 10. Nb3 b5 11. h4 b4 12. Ne2 a5 13. h5 a4 14. Bxg7 Kxg7 15. Nbd4 Ne5 16. hxg6 fxg6 17. Nf4 Kf7 18. Nd5 Nxd5 19. Rxh7+ Ke8 20. exd5 Bd7 21. f4 Ng4 22. Bd3 e5 23. Bxg6+ Rf7 24. Bxf7+ Ke7 25. Bh5+ Kf6 26. Rf7# 1-0